• 首页
  • 本馆介绍
  • 公告通知
  • 最新文献
  • 馆藏检索
  • 电子资源
  • 读者导购
  • 参考咨询
  • 我的图书馆
  • 登录
  • 详细信息显示
  • 放入我的书架
  • 预约/预借图书
  • 作者相关作品
  • 分类相关作品
  • 丛书相关作品
  • 出版社相关作品

书目信息

  • 表格格式
  • 工作单格式
  • 卡片格式
题名:
感动北车
    
 
作者: 陈之瑸 编
分册:  
出版信息: 北京   中国工人出版社  2008.03
页数: 320页
开本: 23cm
丛书名:
单 册:
中图分类: K828.1
科图分类:
主题词: 工人--传记--中国
电子资源:
ISBN: 978-7-5008-4058-9
000 00547nam0 2200193 450
001 0858312576
005 20081205094940.86
010    @a978-7-5008-4058-9@dCNY25.00
100    @a20081204d2008 km y0chiy0120 ea
101 0  @achi
102    @aCN@b110000
200 1  @a感动北车@Agan dong bei che@f陈之瑸等编@Fchen zhi bin deng bian
210    @a北京@c中国工人出版社@d2008.03
215    @a320页@d23cm
606 0  @a工人@x传记@y中国
690    @aK828.1@v4
701  0 @a陈之瑸@Achen zhi bin@4编
801  0 @aCN@bNISOFT@c20081205
905    @aBZT@dK828.1@e1@f5
    
    感动北车/陈之瑸等编.-北京:中国工人出版社,2008.03
    320页;23cm
    
    
    ISBN 978-7-5008-4058-9:CNY25.00
    
●
相关链接 在五车中查询图书 在当当中查询图书 在豆瓣中查询图书


正题名:感动北车     索取号:K828.1/1         预约/预借

序号 登录号 条形码 馆藏地/架位号 状态 备注
1 0687367   2000687367   样本书库/样003架A面3层3列/ [索取号:K828.1/1] 在馆    
2 0687368   2000687368   中心书库南/017架A面2层7列/ [索取号:K828.1/1] 在馆    
3 0687369   2000687369   中心书库南/017架A面2层7列/ [索取号:K828.1/1] 在馆    
4 0687370   2000687370   中心书库南/017架A面2层7列/ [索取号:K828.1/1] 在馆    
5 0687371   2000687371   中心书库南/017架A面2层7列/ [索取号:K828.1/1] 在馆    
山东省滨州职业学院图书馆 欢迎您!
大连网信软件有限公司© 版权所有